[Event "Niedersachsen-chT U16"]
[Site "Verden"]
[Date "2002.06.17"]
[Round "6.3"]
[White "Alker, Dennis"]
[Black "Schoening, Lutz Christoph"]
[Result "1-0"]
[WhiteElo "1086"]
[BlackElo "1256"]
[PlyCount "47"]
[EventDate "2002.06.15"]
[EventType "team"]
[EventRounds "7"]
[EventCountry "GER"]
[SourceTitle "EXT 2003"]
[Source "ChessBase"]
[SourceDate "2002.11.25"]
[SourceVersion "1"]
[SourceVersionDate "2002.11.25"]
[SourceQuality "1"]

1. e4 c5 2. Nc3 d6 3. g3 Nf6 4. Bg2 Nc6 5. f4 Qb6 6. d3 Ng4 7. h3 Nf6 8. Be3 Qxb2 9. Bd2 Nb4 10. Rc1 Nxa2 11. Na4 Qa3 12. Ra1 Qxa4 13. Qb1 g6 14. Rxa2 Qd4 15. c3 Qxg1+ 16. Rxg1 Be6 17. c4 b6 18. Qa1 Bg7 19. e5 dxe5 20. Bxa8 exf4 21. Bxf4 0-0 22. Rxa7 Ng4 23. Qa6 Bc3+ 24. Ke2 1-0

[Event "Niedersachsen-chT U16"]
[Site "Verden"]
[Date "2001.05.24"]
[Round "1.4"]
[White "Schoening, Lutz Christoph"]
[Black "Eusemann, Patrick"]
[Result "0-1"]
[WhiteElo "1151"]
[BlackElo "1261"]
[PlyCount "98"]
[EventDate "2001.05.??"]
[EventType "team"]
[EventRounds "7"]
[EventCountry "GER"]
[SourceTitle "EXT 2003"]
[Source "ChessBase"]
[SourceDate "2002.11.25"]
[SourceVersion "1"]
[SourceVersionDate "2002.11.25"]
[SourceQuality "1"]

1. e4 d6 2. Nf3 Nf6 3. d3 g6 4. Nc3 Bg7 5. Be3 c5 6. h3 0-0 7. Qd2 Nc6 8. a3 b6 9. Bh6 Bb7 10. Bxg7 Kxg7 11. 0-0-0 Qc7 12. Be2 Rad8 13. Rdg1 d5 14. exd5 Nxd5 15. Nxd5 Rxd5 16. g4 Rfd8 17. h4 h6 18. h5 g5 19. c4 Nd4 20. Nxd4 Rxd4 21. Rh3 Qf4 22. Qxf4 Rxf4 23. Rf1 Rdd4 24. Re3 Kf8 25. f3 Bc8 26. a4 f5 27. Kd2 fxg4 28. fxg4 Rxf1 29. Bxf1 Bxg4 30. Be2 Bxe2 31. Rxe2 Rh4 32. Kc3 Rxh5 33. Rf2+ Ke8 34. b3 Rh3 35. Rf5 g4 36. Rf4 h5 37. Rf5 g3 38. Rg5 h4 39. Kd2 Rh2+ 40. Kc3 g2 41. Rg8+ Kf7 42. Rg4 h3 43. Rg3 Rh1 44. Kb2 g1Q 45. Rxg1 Rxg1 46. Kc3 h2 47. Kb2 h1Q 48. Kc3 Qh8+ 49. Kc2 Rg2+ 0-1